书目信息 |
| 题名: |
娱乐休闲建筑室内设计
|
|
| 作者: | 戴碧锋 , 吴穗徽 , 王娜芬 编著 | |
| 分册: | ||
| 出版信息: | 北京 中国建筑工业出版社 2011 |
|
| 页数: | 150页 | |
| 开本: | 29cm | |
| 丛书名: | 室内课程设计与毕业设计指导丛书 | |
| 单 册: | ||
| 中图分类: | TU242.4 | |
| 科图分类: | ||
| 主题词: | 文娱活动--文化建筑--室内设计 | |
| 电子资源: | ||
| ISBN: | 978-7-112-12324-7 | |
| 000 | 01240nam 2200277 450 | |
| 001 | 2330445699 | |
| 005 | 20231206082743.48 | |
| 010 | @a978-7-112-12324-7@dCNY42.00 | |
| 100 | @a20110114d2011 em y0chiy50 ea | |
| 101 | 0 | @achi |
| 102 | @aCN@b110000 | |
| 105 | @aa a 000yy | |
| 200 | 1 | @a娱乐休闲建筑室内设计@Ayu le xiu xian jian zhu shi nei she ji@f戴碧锋, 吴穗徽, 王娜芬编著 |
| 210 | @a北京@c中国建筑工业出版社@d2011 | |
| 215 | @a150页@c图 (部分彩图)@d29cm | |
| 225 | 2 | @a室内课程设计与毕业设计指导丛书@Ashi nei ke cheng she ji yu bi ye she ji zhi dao cong shu |
| 320 | @a有书目 (第150页) | |
| 330 | @a本书紧扣当前流行的娱乐休闲建筑室内设计实例, 讲解基本知识, 剖析优秀案例, 并对歌舞厅、洗浴中心、美容美发, 健身房等室内设计做了专项详细讲解, 为读者在设计实践中借鉴和参考。书中还选编了大量的工程图例、作品赏析及室内课程设计。书后附有娱乐休闲常用家具设备图例及剧场电影院和多用途厅堂建筑声学设计规范等等, 以方便读者使用。 | |
| 410 | 0 | @12001 @a室内课程设计与毕业设计指导丛书 |
| 606 | 0 | @a文娱活动@x文化建筑@x室内设计 |
| 690 | @aTU242.4@v5 | |
| 701 | 0 | @a戴碧锋@Adai bi feng@4编著 |
| 701 | 0 | @a吴穗徽@Awu sui hui@4编著 |
| 701 | 0 | @a王娜芬@Awang na fen@4编著 |
| 801 | 0 | @aCN@b湖北三新@c20110504 |
| 905 | @aZUCC@dTU242.4@e3 | |
| 娱乐休闲建筑室内设计/戴碧锋, 吴穗徽, 王娜芬编著.-北京:中国建筑工业出版社,2011 |
| 150页:图 (部分彩图);29cm.-(室内课程设计与毕业设计指导丛书) |
| ISBN 978-7-112-12324-7:CNY42.00 |
| 本书紧扣当前流行的娱乐休闲建筑室内设计实例, 讲解基本知识, 剖析优秀案例, 并对歌舞厅、洗浴中心、美容美发, 健身房等室内设计做了专项详细讲解, 为读者在设计实践中借鉴和参考。书中还选编了大量的工程图例、作品赏析及室内课程设计。书后附有娱乐休闲常用家具设备图例及剧场电影院和多用途厅堂建筑声学设计规范等等, 以方便读者使用。 |
| ● |
| 相关链接 |
|
|
|
正题名:娱乐休闲建筑室内设计
索取号:TU242.4/3
 
预约/预借
| 序号 | 登录号 | 条形码 | 馆藏地/架位号 | 状态 | 备注 |
| 1 | 2001359266 | 2001359266 | 218书库/ [索取号:TU242.4/3] | 在馆 | |
| 2 | 2001359267 | 2001359267 | 218书库/ [索取号:TU242.4/3] | 在馆 | |
| 3 | 2001359268 | 2001359268 | 218书库/ [索取号:TU242.4/3] | 在馆 | |
| 4 | 2001359269 | 2001359269 | 218书库/ [索取号:TU242.4/3] | 在馆 | |
| 5 | 2001359270 | 2001359270 | 218书库/ [索取号:TU242.4/3] | 在馆 | |
| 6 | 2001359271 | 2001359271 | 603书库/ [索取号:TU242.4/3] | 在馆 | |
| 7 | 2001359272 | 2001359272 | 218书库/ [索取号:TU242.4/3] | 在馆 |